LEADER 00785nam a2200205 i 4500 001 000000184292 003 CaOOAMICUS 005 20091228000000.0 008 091228s1952 it u000 u ita u 013 $a162272 040 $aSeMil$bita 100 1 $aTrabucco, Carlo.$0(OLS)http://semarc/name/38559 245 13$aIl mondo di Padre Pio /$cCarlo Trabucco. 260 $aRoma :$bGiacomaniello,$c1952. 300 $a177 p., [2] p. di tav. ;$c21 cm. 600 04$aPio : da Pietrelcina .$0(OLS)http://semarc/subject/470 850 $aSeMil 852 $aSeMil$W1$xVenegono$y1$m3E V 95$j134988$B134988$CSeMilBibl$Z2$F146633 $81 996 $6245$aIl mondo di Padre Pio$9(OLS)http://semarc/title/264514 996 $6260$aRoma :$bGiacomaniello$9(OLS)http://semarc/publisher/49777 LEADER 01540nam a2200313 i 4500 001 000000123953 003 CaOOAMICUS 005 20040309000000.0 008 040309s1994 it u000 u ita u 013 $a96649 040 $aSeMil$bita 100 1 $aBoidi Sassone, Adriana.$0(OLS)http://semarc/name/51485 245 10$aCherasco. Palazzi e committenze tra Corte e provincia /$cAdriana Boidi Sassone, Laura Palmucci Quaglino ; (contributi di Gian Michele Gazzola e Arturo Rosso) ; prefazione di Gina Lagorio. 260 $aTorino :$bCentro studi piemontesi,$cstampa 1994. 300 $a174 p., [48] p. di tav. ;$c24 cm. 490 0 $aBiblioteca di Studi piemontesi 500 $aContiene : [1] Appendice. - Fondo Card. C.M. Martini. 650 4$aCherasco - Storia - Sec. 16.-19.$0(OLS)http://semarc/subject/23805 700 1 $aPalmucci Quaglino, Laura.$0(OLS)http://semarc/name/51486 700 1 $aLagorio, Gina <1922-2005>.$0(OLS)http://semarc/name/4079 700 1 $aRosso, Arturo.$0(OLS)http://semarc/name/51488 700 1 $aGazzola, Gian Michele.$0(OLS)http://semarc/name/51487 830 0$aBiblioteca di Studi piemontesi.$0(OLS)http://semarc/title/14738 850 $aSeMil 852 $aSeMil$W1$xVenegono$y1$m5R VII 63$j78590$B78590$CSeMilBibl$Z2$F80796 $81 941 1 $a4 961 $aOmaggio: Martini Card. Carlo Maria 996 $6245$aCherasco. Palazzi e committenze tra Corte e provincia$9(OLS)http://semarc/title/182342 996 $6260$aTorino :$bCentro studi piemontesi$9(OLS)http://semarc/publisher/33073